000 00377nam a2200145Ia 4500
008 230917s9999||||xx |||||||||||||| ||und||
040 _e200878
_aMAIN
041 _aEnglish
082 _aB N315I
100 _aMitrokhin, Leonid, ed.
245 0 _aIndia's great son: Soviet people about Nehru
260 _aBombay
_bAllied Publishers
_c1975
300 _a103 p.
942 _cBK
999 _c167373
_d167373